000 00374 a2200169 4500
001 157663
020 _a97865860512972
040 _cEscola São Tomás de Aquino
100 _aCarr, Robyn
240 1 0 _aVirgin River
_lpor
245 1 0 _aVirgin River
300 _a368
362 0 _a2020
440 1 _aHarlequin
697 _aRomance / Ficção americana
942 _cBK
999 _c157663
_d157663